Các bảng tính toán thủy lực

Gorde:
Xehetasun bibliografikoak
Egile nagusia: Nguyễn, Thị Hồng
Formatua: Liburua
Hizkuntza:Vietnamese
Argitaratua: Xây dựng 2009
Etiketak: Etiketa erantsi
Etiketarik gabe, Izan zaitez lehena erregistro honi etiketa jartzen!
Thư viện lưu trữ: Mạng thư viện Đại học Đà Nẵng
LEADER 00632nam a2200253 4500
001 000022748
003 19197
005 20150514150514.0
008 150514s2009 viesd
020 |c 34000 
041 0 |a vie 
082 1 4 |a 628,1  |b NG-H 
100 1 |a Nguyễn, Thị Hồng 
245 1 0 |a Các bảng tính toán thủy lực  |c Nguyễn Thị Hồng 
260 |b Xây dựng  |c 2009 
300 |a tr.  |c cm. 
OWN |a LSP 
999 |a From the UDN01 
TYP |a Monograph 
TYP |a Printed language 
980 |a Mạng thư viện Đại học Đà Nẵng